00294nam a2200121Ia 45000030006000000080041000060400015000471000017000622450055000792600009001345460012001430050017001550STCL150530s9999 xx 000 0 und d aSTCLcSTCL aSister Melba aSt.Bedes College Shimla:Hundred years of Education c2004 aEnglish20220125165725.0